Oblasts de la Fédération de Russie - Statistiques

Statistiques générales
  • Ce quiz a été pris 18 fois
    14 depuis la dernière actualisation
  • Le résultat moyen est 7 sur 47
Statistiques - réponses
Oblasts % Correct
Amour
67%
Astrakhan
44%
Volgograd
44%
Moscou
33%
Samara
33%
Tver
33%
Belgorod
22%
Briansk
22%
Koursk
22%
Leningrad
22%
Orenbourg
22%
Smolensk
22%
Tioumen
22%
Tomsk
22%
Voronej
22%
Arkhangelsk
11%
Irkoutsk
11%
Tcheliabinsk
11%
Kirov
11%
Kostroma
11%
Nijni Novgorod
11%
Novossibirsk
11%
Omsk
11%
Orel
11%
Penza
11%
Pskov
11%
Riazan
11%
Rostov
11%
Saratov
11%
Sverdlovsk
11%
Toula
11%
Vladimir
11%
Vologda
11%
Birobidjan
0%
Kourgan
0%
Ivanovo
0%
Kalouga
0%
Kemerovo
0%
Iaroslavl
0%
Kaliningrad
0%
Lipetsk
0%
Magadan
0%
Mourmansk
0%
Novgorod
0%
Oulianovsk
0%
Sakhaline
0%
Tambov
0%
Aucun quiz correspondant
Distribution des résultats
% des personnes avec chaque résultat
Percentile par nombre de réponses
Votre historique - résultats
Vous n’avez pas pris ce quiz depuis la dernière actualisation